Flaggen der Welt im Stil der Nordischen Länder - Statistiken

Allgemein
  • Dieses Quiz wurde 68 mal gespielt
  • Das Durchschnittsergebnis liegt bei 116 aus 196
Antwortstatistiken
Bildquiz Antwort % Korrekt
Dänemark
100%
Deutschland
100%
Finnland
100%
Island
100%
Norwegen
100%
Schweden
100%
Vereinigte Staaten
100%
Kanada
98%
Argentinien
95%
Mexiko
95%
Spanien
95%
Vereinigtes Königreich
95%
Brasilien
93%
China
93%
Südkorea
93%
Australien
91%
Elfenbeinküste
91%
Neuseeland
91%
Südafrika
91%
Ägypten
89%
Griechenland
89%
Indien
89%
Irland
89%
Japan
89%
Portugal
89%
Belgien
87%
Iran
87%
Kasachstan
87%
Mongolei
87%
Saudi-Arabien
87%
Kolumbien
85%
Nordkorea
85%
Pakistan
85%
Kosovo
84%
Luxemburg
84%
Niederlande
84%
Zypern
84%
Aserbaidschan
82%
Irak
80%
Türkei
80%
Frankreich
78%
Panama
78%
Turkmenistan
78%
Bangladesch
76%
Israel
76%
Italien
76%
Katar
76%
Russland
76%
Vietnam
76%
Georgien
75%
Jamaika
75%
Schweiz
75%
Chile
73%
Sri Lanka
73%
Andorra
71%
Bahrain
71%
Kenia
71%
Lettland
71%
Niger
71%
Polen
71%
Uruguay
71%
Venezuela
71%
Äthiopien
69%
Bhutan
69%
Usbekistan
69%
Angola
67%
Armenien
67%
Kirgisistan
67%
Kroatien
67%
Libanon
67%
Malta
67%
Albanien
65%
Monaco
65%
Myanmar
65%
Singapur
65%
Syrien
65%
Ungarn
65%
Vatikanstadt
65%
Peru
64%
Uganda
64%
Laos
62%
Mosambik
62%
Slowakei
62%
Serbien
60%
Somalia
60%
Tunesien
60%
Botswana
58%
Kambodscha
58%
Liberia
58%
Tansania
58%
Algerien
56%
Ecuador
56%
Fidschi
56%
Philippinen
56%
San Marino
56%
Taiwan
56%
Togo
56%
Barbados
55%
Benin
55%
Brunei
55%
Kap Verde
55%
Malawi
55%
Oman
55%
Papua-Neuguinea
55%
Slowenien
55%
Bolivien
53%
Bosnien und Herzegowina
53%
Demokratische Republik Kongo
53%
Dominikanische Republik
53%
Ghana
53%
Honduras
53%
Madagaskar
53%
Marokko
53%
Nicaragua
53%
Palau
53%
Tadschikistan
53%
Belize
51%
Bulgarien
51%
Eswatini
51%
Gabun
51%
Mali
51%
Moldawien
51%
Republik Kongo
51%
Senegal
51%
Vereinigte Arabische Emirate
51%
Föderierte Staaten von Mikronesien
49%
Jemen
49%
Kamerun
49%
Kiribati
49%
Tuvalu
49%
Ukraine
49%
Äquatorial-Guinea
47%
Eritrea
47%
Guatemala
47%
Lesotho
47%
Libyen
47%
Marshallinseln
47%
Montenegro
47%
Nepal
47%
Sambia
47%
Tonga
47%
Vanuatu
47%
El Salvador
45%
Guinea
45%
Komoren
45%
Mauretanien
45%
Namibia
45%
Nordmazedonien
45%
Paraguay
45%
Ruanda
45%
Rumänien
45%
Sierra Leone
45%
Dominica
44%
Simbabwe
44%
St. Vincent und die Grenadinen
44%
Suriname
44%
Tschad
44%
Burundi
42%
Estland
42%
Haiti
42%
Nauru
42%
Zentralafrikanische Republik
42%
Grenada
40%
Malaysia
40%
Salomonen
40%
Samoa
40%
Gambia
38%
Jordanien
38%
Malediven
38%
São Tomé und Príncipe
38%
Kuwait
36%
Litauen
36%
Österreich
36%
Trinidad und Tobago
36%
Burkina Faso
35%
Dschibuti
35%
Nigeria
35%
Costa Rica
33%
St. Kitts und Nevis
33%
Guinea-Bissau
31%
Kuba
29%
St. Lucia
27%
Afghanistan
25%
Antigua und Barbuda
25%
Tschechien
25%
Sudan
24%
Belarus
22%
Seychellen
22%
Bahamas
20%
Liechtenstein
18%
Osttimor
18%
Guyana
13%
Südsudan
13%
Indonesien
11%
Mauritius
11%
Thailand
9%
Keine übereinstimmenden Quizze gefunden
Verteilung der Resultate
Anzahl Personen mit jedem Resultat
Perzentil nach korrekt beantworteten Fragen
Ihre Resultats-Entwicklung
Sie haben dieses Quiz noch nicht gespielt